Thiết kế bài giảng Toán 7 Trung học cơ sở T.1
محفوظ في:
| المؤلف الرئيسي: | |
|---|---|
| مؤلفون آخرون: | |
| التنسيق: | كتاب |
| اللغة: | Undetermined |
| منشور في: |
H.
Nxb. Hà Nội
2013
|
| الموضوعات: | |
| الوصول للمادة أونلاين: | http://lrc.tdmu.edu.vn/opac/search/detail.asp?aID=2&ID=20799 |
| الوسوم: |
إضافة وسم
لا توجد وسوم, كن أول من يضع وسما على هذه التسجيلة!
|
| Thư viện lưu trữ: | Trung tâm Học liệu Trường Đại học Thủ Dầu Một |
|---|
| LEADER | 00746nam a2200229Ia 4500 | ||
|---|---|---|---|
| 001 | TDMU_20799 | ||
| 008 | 210410s9999 xx 000 0 und d | ||
| 082 | |a 510.72 | ||
| 090 | |b H407 | ||
| 100 | |a Hoàng, Ngọc Diệp | ||
| 245 | 0 | |a Thiết kế bài giảng Toán 7 | |
| 245 | 0 | |b Trung học cơ sở | |
| 245 | 0 | |c Hoàng Ngọc Diệp và [nh.ng. khác] | |
| 245 | 0 | |n T.1 | |
| 260 | |a H. | ||
| 260 | |b Nxb. Hà Nội | ||
| 260 | |c 2013 | ||
| 300 | |a 362tr. | ||
| 650 | |a Sách lớp 7; Toán học |v Thiết kế bài giảng | ||
| 700 | |a Đàm, Thu Hương | ||
| 856 | |u http://lrc.tdmu.edu.vn/opac/search/detail.asp?aID=2&ID=20799 | ||
| 980 | |a Trung tâm Học liệu Trường Đại học Thủ Dầu Một | ||